[Event "Hillerod Klubmesterskab Mester"]
[Site "Hillerod"]
[Date "????.??.??"]
[Round "5"]
[White "Ramkilde, Mikael"]
[Black "Holm, Henrik"]
[Result "1-0"]
[WhiteElo "1979"]
[BlackElo "1810"]
[PlyCount "73"]
[EventDate "2017.??.??"]
[EventType "tourn"]
[EventRounds "9"]
[EventCountry "DEN"]

1. e4 Nc6 2. Nf3 f5 3. exf5 d5 4. d4 Bxf5 5. Bd3 Qd7 6. Bb5 a6 7. Ne5 Qd6 8.
Bxc6+ bxc6 9. O-O Nf6 10. Bf4 Rg8 11. Nd3 Qd8 12. Re1 g5 13. Be5 e6 14. c4 Ng4
15. c5 Kd7 16. f3 Bxd3 17. fxg4 Bg6 18. Nd2 Qe7 19. b4 Bh6 20. Qa4 Bd3 21. Re3
Bg6 22. Rae1 Bf7 23. Nb3 Rgb8 24. Na5 Rb5 25. a3 Ra7 26. Rh3 Qf8 27. Rf1 Qe8
28. Rxh6 Bg6 29. Qd1 Ra8 30. Qd2 Qg8 31. Qxg5 Rbb8 32. Rh3 Rf8 33. Rhf3 h6 34.
Qxh6 Rxf3 35. Rxf3 Be4 36. Rf4 Re8 37. Qg7+ 1-0

[Event "Hillerod Klubmesterskab Mester"]
[Site "Hillerod"]
[Date "????.??.??"]
[Round "6"]
[White "Andersen, Soren Bull"]
[Black "Pedersen, Carsten"]
[Result "1-0"]
[WhiteElo "2064"]
[BlackElo "1947"]
[PlyCount "57"]
[EventDate "2017.??.??"]
[EventType "tourn"]
[EventRounds "9"]
[EventCountry "DEN"]

1. d4 Nf6 2. Nf3 g6 3. e3 Bg7 4. c4 d5 5. Nc3 c6 6. b3 O-O 7. Bb2 Re8 8. Bd3
Nbd7 9. O-O e5 10. dxe5 Ng4 11. cxd5 cxd5 12. Bb5 Ngxe5 13. Nxe5 Bxe5 14. Qxd5
Qc7 15. Rfd1 Bxh2+ 16. Kf1 Nb6 17. Bxe8 Nxd5 18. Nxd5 Qa5 19. b4 Qa6+ 20. b5
Qa5 21. Bc3 Qa4 22. Nf6+ Kf8 23. Rd4 Be5 24. Rxa4 Bxc3 25. Nxh7+ Kxe8 26. Rc1
Bg7 27. b6 a6 28. Re4+ Be6 29. Ng5 1-0

[Event "Hillerod Klubmesterskab Mester"]
[Site "Hillerod"]
[Date "????.??.??"]
[Round "6"]
[White "Holm, Henrik"]
[Black "Kuhn, Morten"]
[Result "1/2-1/2"]
[WhiteElo "1810"]
[BlackElo "1890"]
[PlyCount "77"]
[EventDate "2017.??.??"]
[EventType "tourn"]
[EventRounds "9"]
[EventCountry "DEN"]

1. d4 g6 2. c4 Bg7 3. Nf3 d6 4. g3 Nf6 5. Nc3 O-O 6. Bg2 Nbd7 7. e4 e5 8. d5
Nc5 9. Bg5 h6 10. Bxf6 Qxf6 11. O-O a5 12. Ne1 Qe7 13. Nd3 Nxd3 14. Qxd3 f5 15.
f4 exf4 16. Rxf4 Be5 17. Rf2 Qg7 18. Kh1 Bxc3 19. bxc3 b6 20. Raf1 Bd7 21. Qd4
Rae8 22. Qxg7+ Kxg7 23. Re1 fxe4 24. Rxf8 Kxf8 25. Rxe4 Bf5 26. Rxe8+ Kxe8 27.
Bf1 Ke7 28. Kg2 Be4+ 29. Kf2 c6 30. dxc6 Bxc6 31. Ke3 Kf6 32. Be2 Bd7 33. Kd4
Be6 34. a3 h5 35. Bf3 Bc8 36. Bd5 g5 37. Bf3 g4 38. Be4 Be6 39. Bd5 1/2-1/2

[Event "Hillerod Klubmesterskab Mester"]
[Site "Hillerod"]
[Date "????.??.??"]
[Round "6"]
[White "Jacobsen, Hans Endrup"]
[Black "Pedersen, Christopher"]
[Result "0-1"]
[WhiteElo "1940"]
[BlackElo "2088"]
[PlyCount "46"]
[EventDate "2017.??.??"]
[EventType "tourn"]
[EventRounds "9"]
[EventCountry "DEN"]

1. Nf3 d5 2. g3 Nf6 3. Bg2 e6 4. O-O Be7 5. d4 O-O 6. c4 dxc4 7. Ne5 c5 8. dxc5
Qc7 9. Nxc4 Bxc5 10. Qb3 Nc6 11. e3 a6 12. Bd2 e5 13. Bc3 Be6 14. a4 Nd5 15.
Qc2 Nxc3 16. Qxc3 Bb4 17. Qc2 Na5 18. b3 Rac8 19. Qe4 Nxb3 20. Nxe5 Nxa1 21.
Qxb4 Qxe5 22. Na3 Nc2 23. Nxc2 Rxc2 0-1

[Event "Hillerod Klubmesterskab Mester"]
[Site "Hillerod"]
[Date "????.??.??"]
[Round "6"]
[White "Lavrsen, Frands Winther"]
[Black "Ramkilde, Mikael"]
[Result "0-1"]
[WhiteElo "1804"]
[BlackElo "1979"]
[PlyCount "80"]
[EventDate "2017.??.??"]
[EventType "tourn"]
[EventRounds "9"]
[EventCountry "DEN"]

1. f4 d5 2. Nf3 Bg4 3. e3 e6 4. h3 Bxf3 5. Qxf3 c6 6. b3 f5 7. Bb2 Nf6 8. d3
Bb4+ 9. Nd2 Nbd7 10. c3 Bc5 11. e4 g6 12. g4 fxe4 13. dxe4 dxe4 14. Nxe4 Nxe4
15. Qxe4 Qh4+ 16. Kd1 O-O-O 17. Kc2 Qf2+ 18. Be2 Be3 19. Rae1 Nc5 20. Qf3 Qxf3
21. Bxf3 Bxf4 22. Re2 Rhe8 23. Rf1 g5 24. b4 Nd3 25. Ba1 Ne5 26. Bg2 Nc4 27.
Rf3 Rd6 28. Re4 Rd2+ 29. Kb3 Nd6 30. Rexf4 gxf4 31. Bf1 e5 32. c4 Rh2 33. c5
Ne4 34. Rd3 Nd2+ 35. Ka3 Nxf1 36. Bc3 e4 37. Rd1 Ne3 38. Rg1 Rxh3 39. Kb2 f3
40. Bd4 f2 0-1

[Event "Hillerod Klubmesterskab Mester"]
[Site "Hillerod"]
[Date "????.??.??"]
[Round "6"]
[White "Oland, Arne"]
[Black "Andersen, Ib Hother"]
[Result "0-1"]
[WhiteElo "1897"]
[BlackElo "2137"]
[PlyCount "136"]
[EventDate "2017.??.??"]
[EventType "tourn"]
[EventRounds "9"]
[EventCountry "DEN"]

1. d4 Nf6 2. Nc3 d5 3. Bg5 Nbd7 4. Nf3 h6 5. Bh4 e6 6. e3 c5 7. Nd2 Be7 8. Bg3
a6 9. a4 O-O 10. a5 cxd4 11. exd4 Nb8 12. Bd3 Nc6 13. Nb3 Bb4 14. O-O Nxa5 15.
Nxa5 Bxa5 16. Be5 Bc7 17. Nb5 Bb8 18. Qf3 Bd7 19. Nc3 Nh7 20. Rfe1 Bc6 21. Ne2
Qd7 22. Nf4 Bxe5 23. Rxe5 Nf6 24. h4 Bb5 25. g4 Bxd3 26. cxd3 Qb5 27. g5 Qxb2
28. Ree1 hxg5 29. hxg5 Nh7 30. Qe3 Qb6 31. Rab1 Qd8 32. g6 Qg5+ 33. Kf1 Nf6 34.
Rxb7 Qf5 35. gxf7+ Rxf7 36. Rxf7 Kxf7 37. Qxe6+ Qxe6 38. Nxe6 Re8 39. Nc5 Rxe1+
40. Kxe1 a5 41. Ke2 Kg6 42. Kf3 Kf5 43. Na4 Nd7 44. Ke3 Nb8 45. Kf3 Nc6 46. Ke3
Nb4 47. Nc3 g6 48. Kd2 Kf4 49. Ke2 g5 50. Na4 Nc6 51. Nc3 Nxd4+ 52. Kf1 Ke5 53.
Kg2 Ne6 54. Nb5 Nf4+ 55. Kf3 Nxd3 56. Ke3 Nc5 57. Nd4 a4 58. Nc6+ Kd6 59. Nb4
Ne6 60. Nc2 Kc5 61. Kd3 Nf4+ 62. Kc3 g4 63. Kd2 d4 64. Na3 Kb4 65. Nc2+ Kc4 66.
Na3+ Kb3 67. Nc2 d3 68. Nd4+ Kb2 0-1

[Event "Hillerod Klubmesterskab Mester"]
[Site "Hillerod"]
[Date "????.??.??"]
[Round "7"]
[White "Andersen, Ib Hother"]
[Black "Andersen, Soren Bull"]
[Result "1-0"]
[WhiteElo "2137"]
[BlackElo "2064"]
[PlyCount "39"]
[EventDate "2017.??.??"]
[EventType "tourn"]
[EventRounds "9"]
[EventCountry "DEN"]

1. e4 d5 2. exd5 Nf6 3. d4 Nxd5 4. Nf3 Bg4 5. h3 Bh5 6. c4 Nb6 7. c5 N6d7 8.
Qb3 Bxf3 9. Qxf3 c6 10. Bc4 Nf6 11. Qb3 Qc7 12. Bxf7+ Kd8 13. O-O g6 14. Nc3
Nbd7 15. Rd1 b6 16. Be3 Bg7 17. d5 bxc5 18. dxc6 Qxc6 19. Rac1 Rc8 20. Na4 1-0

[Event "Hillerod Klubmesterskab Mester"]
[Site "Hillerod"]
[Date "????.??.??"]
[Round "7"]
[White "Kuhn, Morten"]
[Black "Lavrsen, Frands Winther"]
[Result "1-0"]
[WhiteElo "1890"]
[BlackElo "1804"]
[PlyCount "77"]
[EventDate "2017.??.??"]
[EventType "tourn"]
[EventRounds "9"]
[EventCountry "DEN"]

1. e4 Nc6 2. Nc3 Nf6 3. f4 d5 4. e5 d4 5. exf6 dxc3 6. fxg7 cxd2+ 7. Bxd2 Bxg7
8. c3 Qd5 9. Qf3 Be6 10. Be2 O-O-O 11. Qxd5 Bxd5 12. Nf3 e5 13. f5 e4 14. Ng5
h6 15. c4 hxg5 16. cxd5 Rxd5 17. O-O-O Nd4 18. Bg4 Nxf5 19. Rhf1 Kb8 20. Rxf5
Rd6 21. Rxf7 Be5 22. h3 Ra6 23. Re7 Bd6 24. Rxe4 Rxa2 25. Bxg5 b6 26. Bf3 Ra5
27. Bf6 Rf8 28. Rde1 Ra1+ 29. Kc2 Rxe1 30. Rxe1 a5 31. Bc3 a4 32. h4 a3 33.
bxa3 Bxa3 34. h5 Kc8 35. Ra1 Bd6 36. h6 Rf7 37. Bc6 Kd8 38. Ra8+ Ke7 39. Re8#
1-0

[Event "Hillerod Klubmesterskab Mester"]
[Site "Hillerod"]
[Date "????.??.??"]
[Round "7"]
[White "Pedersen, Carsten"]
[Black "Holm, Henrik"]
[Result "1/2-1/2"]
[WhiteElo "1947"]
[BlackElo "1810"]
[PlyCount "92"]
[EventDate "2017.??.??"]
[EventType "tourn"]
[EventRounds "9"]
[EventCountry "DEN"]

1. d4 d6 2. Nc3 c6 3. e4 Qc7 4. Bc4 e5 5. dxe5 dxe5 6. Nf3 Bg4 7. Bg5 Nd7 8.
Bh4 Ngf6 9. O-O Bb4 10. Qd3 O-O 11. Ng5 Bh5 12. f3 Rad8 13. Bf2 h6 14. Nh3 Nb6
15. Qe2 Bxc3 16. bxc3 Nxc4 17. Qxc4 b6 18. Be3 Bg6 19. Nf2 c5 20. Nd3 Rfe8 21.
g4 Qd7 22. Nf2 Qc6 23. a4 Nh7 24. Qa6 Rd7 25. Rab1 Qf6 26. Kg2 h5 27. h3 Ng5
28. Qe2 Ne6 29. Nd3 Red8 30. Rbd1 c4 31. Nb2 Rxd1 32. Rxd1 Rxd1 33. Qxd1 hxg4
34. hxg4 Nf4+ 35. Kg3 Qc6 36. Qd8+ Kh7 37. Qh4+ Kg8 38. Qd8+ Kh7 39. Bxf4 exf4+
40. Kxf4 b5 41. a5 Qc5 42. a6 f6 43. Qd5 Qf2 44. Qxb5 Qd2+ 45. Kg3 Qe1+ 46. Kf4
Qd2+ 1/2-1/2

[Event "Hillerod Klubmesterskab Mester"]
[Site "Hillerod"]
[Date "????.??.??"]
[Round "7"]
[White "Pedersen, Christopher"]
[Black "Oland, Arne"]
[Result "1-0"]
[WhiteElo "2088"]
[BlackElo "1897"]
[PlyCount "75"]
[EventDate "2017.??.??"]
[EventType "tourn"]
[EventRounds "9"]
[EventCountry "DEN"]

1. e4 e6 2. d3 d5 3. Nd2 Nc6 4. Ngf3 Bd6 5. g3 Nf6 6. Bg2 dxe4 7. dxe4 Ne5 8.
O-O O-O 9. Qe2 Qe7 10. Nxe5 Bxe5 11. Nf3 Nd7 12. Rd1 f6 13. c3 Bd6 14. Bh3 Ne5
15. Nd4 c5 16. Nb5 Bb8 17. f4 a6 18. Na3 Nc6 19. Nc4 b5 20. Nb6 Ra7 21. Be3 Rb7
22. Nxc8 Rxc8 23. a4 c4 24. axb5 axb5 25. Qf2 Kf7 26. Bc5 Qe8 27. Qe2 g6 28.
Kh1 Ba7 29. Bd6 Rd7 30. e5 f5 31. Bg2 Qd8 32. Ra6 Ne7 33. Bf3 Bc5 34. Qg2 Bxd6
35. Rdxd6 Rxd6 36. exd6 Ng8 37. Ra7+ Kf6 38. Qh3 1-0

[Event "Hillerod Klubmesterskab Mester"]
[Site "Hillerod"]
[Date "????.??.??"]
[Round "7"]
[White "Ramkilde, Mikael"]
[Black "Jacobsen, Hans Endrup"]
[Result "1-0"]
[WhiteElo "1979"]
[BlackElo "1940"]
[PlyCount "43"]
[EventDate "2017.??.??"]
[EventType "tourn"]
[EventRounds "9"]
[EventCountry "DEN"]

1. e4 c5 2. Nf3 d6 3. d4 cxd4 4. Nxd4 Nf6 5. Nc3 a6 6. Bg5 e6 7. f4 Be7 8. Qf3
Qc7 9. O-O-O Nc6 10. Nxc6 Qxc6 11. Qg3 Qc5 12. e5 Nh5 13. Qf3 Bxg5 14. fxg5 g6
15. Ne4 Qc7 16. exd6 Qc6 17. g4 Ng7 18. d7+ Bxd7 19. Nf6+ Ke7 20. Rxd7+ Qxd7
21. Nxd7 Kxd7 22. Qxf7+ 1-0

[Event "Hillerod Klubmesterskab Mester"]
[Site "Hillerod"]
[Date "????.??.??"]
[Round "8"]
[White "Andersen, Soren Bull"]
[Black "Pedersen, Christopher"]
[Result "0-1"]
[WhiteElo "2064"]
[BlackElo "2088"]
[PlyCount "94"]
[EventDate "2017.??.??"]
[EventType "tourn"]
[EventRounds "9"]
[EventCountry "DEN"]

1. d4 Nf6 2. c4 e6 3. Nc3 d5 4. Nf3 c6 5. e3 Nbd7 6. Bd3 dxc4 7. Bxc4 b5 8. Bd3
Bb7 9. O-O a6 10. Bd2 Be7 11. Rc1 Rc8 12. Bb1 c5 13. Qe2 Qb6 14. Rfd1 O-O 15.
Ne5 Rfd8 16. dxc5 Nxc5 17. b4 Nce4 18. Nxe4 Nxe4 19. Rxc8 Rxc8 20. Be1 Bd6 21.
Nd3 Nc3 22. Bxc3 Rxc3 23. Qd2 Rc8 24. Ne1 Be7 25. a3 Bf6 26. Rc1 Rxc1 27. Qxc1
g6 28. Bd3 Qd6 29. h3 Bd8 30. Qc2 Qe5 31. Kf1 Kg7 32. Ke2 Qa1 33. e4 Qxa3 34.
Qc5 Qb2+ 35. Nc2 h5 36. g3 Qf6 37. h4 e5 38. Ne3 Bb6 39. Qc3 Qd6 40. Nc2 Kh7
41. Qb3 Kg8 42. Qc3 Bc6 43. Ne3 Bd4 44. Qa3 Bxe3 45. fxe3 Bd7 46. Qc3 Bg4+ 47.
Kd2 Qf6 0-1

[Event "Hillerod Klubmesterskab Mester"]
[Site "Hillerod"]
[Date "????.??.??"]
[Round "8"]
[White "Holm, Henrik"]
[Black "Andersen, Ib Hother"]
[Result "0-1"]
[WhiteElo "1810"]
[BlackElo "2137"]
[PlyCount "92"]
[EventDate "2017.??.??"]
[EventType "tourn"]
[EventRounds "9"]
[EventCountry "DEN"]

1. e4 e6 2. Nf3 d5 3. exd5 exd5 4. d4 Bd6 5. Bd3 Ne7 6. O-O O-O 7. Re1 Bf5 8.
Bg5 f6 9. Bxf5 Nxf5 10. Bd2 Nc6 11. Bc3 Qd7 12. Nbd2 Rfe8 13. Nf1 Rxe1 14. Bxe1
Re8 15. c3 Nce7 16. Bd2 Ng6 17. Ne3 Nxe3 18. Bxe3 c6 19. Qd2 Re4 20. Qd3 Nh4
21. Nd2 Re7 22. a4 Qg4 23. g3 f5 24. f4 Nf3+ 25. Kg2 Nxd2 26. Qxd2 h5 27. Rf1
h4 28. Rf3 Re6 29. h3 Qh5 30. Bf2 hxg3 31. Bxg3 Re4 32. Re3 Bxf4 33. Bxf4 Rxf4
34. Qe2 Qxe2+ 35. Rxe2 Re4 36. Rf2 g6 37. Kf3 Kg7 38. b4 Kf6 39. b5 g5 40. Rb2
f4 41. bxc6 bxc6 42. h4 Re3+ 43. Kg4 Rg3+ 44. Kh5 Rh3 45. Kg4 Rxh4+ 46. Kf3
Rh3+ 0-1

[Event "Hillerod Klubmesterskab Mester"]
[Site "Hillerod"]
[Date "????.??.??"]
[Round "8"]
[White "Jacobsen, Hans Endrup"]
[Black "Oland, Arne"]
[Result "1/2-1/2"]
[WhiteElo "1940"]
[BlackElo "1897"]
[PlyCount "112"]
[EventDate "2017.??.??"]
[EventType "tourn"]
[EventRounds "9"]
[EventCountry "DEN"]

1. Nf3 Nf6 2. g3 b6 3. Bg2 Bb7 4. O-O e6 5. c4 c5 6. d4 cxd4 7. Nxd4 Bxg2 8.
Kxg2 Be7 9. Nc3 Qc8 10. Bf4 Qb7+ 11. Kg1 O-O 12. Ndb5 Na6 13. Bd6 Bxd6 14. Nxd6
Qc6 15. e4 Ne8 16. Ncb5 Nc5 17. Re1 a6 18. Nxe8 Rfxe8 19. Nd6 Rf8 20. Rc1 Nb7
21. e5 f6 22. c5 bxc5 23. b4 fxe5 24. bxc5 Nxd6 25. cxd6 Qb6 26. Rc2 Rf5 27.
Qd3 Raf8 28. Ree2 e4 29. Qxe4 Qxd6 30. Red2 Rd5 31. Rxd5 exd5 32. Rd2 Rc8 33.
Qxd5+ Qxd5 34. Rxd5 Rc2 35. Ra5 Rc6 36. Kg2 Kf7 37. Kf3 Ke6 38. Ke4 d5+ 39.
Rxd5 Rc2 40. Ra5 Rc6 41. h4 g6 42. Ra4 Rd6 43. g4 Rb6 44. f4 Rc6 45. f5+ gxf5+
46. gxf5+ Kf6 47. Kf4 Rd6 48. h5 h6 49. Rb4 Rc6 50. a4 a5 51. Re4 Rb6 52. Rd4
Rc6 53. Re4 Rd6 54. Re6+ Rxe6 55. fxe6 Kxe6 56. Ke4 Kf6 1/2-1/2

[Event "Hillerod Klubmesterskab Mester"]
[Site "Hillerod"]
[Date "????.??.??"]
[Round "8"]
[White "Lavrsen, Frands Winther"]
[Black "Pedersen, Carsten"]
[Result "0-1"]
[WhiteElo "1804"]
[BlackElo "1947"]
[PlyCount "62"]
[EventDate "2017.??.??"]
[EventType "tourn"]
[EventRounds "9"]
[EventCountry "DEN"]

1. f4 d5 2. Nf3 Nf6 3. g3 g6 4. Bg2 Bg7 5. O-O O-O 6. d3 Nc6 7. c3 Re8 8. Ne5
Bf5 9. Nxc6 bxc6 10. Qa4 Bd7 11. e4 e5 12. fxe5 Rxe5 13. Bf4 Re7 14. e5 Ng4 15.
Bg5 Nxe5 16. Bxe7 Qxe7 17. Qd1 Rb8 18. Qd2 h5 19. Na3 Be6 20. d4 Ng4 21. Rae1
Bh6 22. Qd3 Rxb2 23. h3 Ne3 24. Rxe3 Bxe3+ 25. Qxe3 Rxg2+ 26. Kh1 Rxa2 27. Nb1
a5 28. Nd2 Qd7 29. h4 Bf5 30. Rb1 Bxb1 31. Nxb1 Qh3+ 0-1

[Event "Hillerod Klubmesterskab Mester"]
[Site "Hillerod"]
[Date "????.??.??"]
[Round "8"]
[White "Ramkilde, Mikael"]
[Black "Kuhn, Morten"]
[Result "1-0"]
[WhiteElo "1979"]
[BlackElo "1890"]
[PlyCount "71"]
[EventDate "2017.??.??"]
[EventType "tourn"]
[EventRounds "9"]
[EventCountry "DEN"]

1. e4 d5 2. exd5 Qxd5 3. Nc3 Qd6 4. d4 c6 5. Nf3 Nf6 6. g3 Bg4 7. Bg2 Bxf3 8.
Qxf3 e6 9. Bf4 Qxd4 10. O-O Na6 11. Rad1 Qc5 12. Rfe1 Be7 13. a3 Nd5 14. Ne4
Qxc2 15. Rd2 Qa4 16. Nd6+ Bxd6 17. Bxd6 O-O-O 18. Re4 Qb5 19. Bf1 Qb6 20. Be5
Nc5 21. Rc4 Nb3 22. Rd3 Na5 23. Rc1 f6 24. Bd4 Qc7 25. b4 e5 26. Be3 Nxe3 27.
Rxd8+ Rxd8 28. Qxe3 Rd4 29. Qc3 h5 30. bxa5 a6 31. Bg2 h4 32. gxh4 Rxh4 33. Rd1
f5 34. Bh3 g6 35. Qg3 Rh7 36. Bxf5+ 1-0

[Event "Hillerod Klubmesterskab Mester"]
[Site "Hillerod"]
[Date "????.??.??"]
[Round "9"]
[White "Andersen, Ib Hother"]
[Black "Lavrsen, Frands Winther"]
[Result "1-0"]
[WhiteElo "2137"]
[BlackElo "1804"]
[PlyCount "41"]
[EventDate "2017.??.??"]
[EventType "tourn"]
[EventRounds "9"]
[EventCountry "DEN"]

1. e4 Nc6 2. Nf3 Nf6 3. e5 Ng4 4. d4 d6 5. h3 Nh6 6. Nc3 Bf5 7. g4 Bg6 8. d5
Nb4 9. Bb5+ c6 10. Ba4 Qc7 11. a3 Na6 12. dxc6 O-O-O 13. cxb7+ Qxb7 14. Qe2 Nc5
15. Bb5 Kb8 16. O-O Ne4 17. Ba6 Qc6 18. Nd4 Qc5 19. Be3 dxe5 20. Ne6 Qd6 21.
Qb5+ 1-0

[Event "Hillerod Klubmesterskab Mester"]
[Site "Hillerod"]
[Date "????.??.??"]
[Round "9"]
[White "Kuhn, Morten"]
[Black "Jacobsen, Hans Endrup"]
[Result "1-0"]
[WhiteElo "1890"]
[BlackElo "1940"]
[PlyCount "93"]
[EventDate "2017.??.??"]
[EventType "tourn"]
[EventRounds "9"]
[EventCountry "DEN"]

1. e4 c5 2. Nf3 d6 3. d4 cxd4 4. Nxd4 Nf6 5. Nc3 a6 6. Bc4 e6 7. Bb3 Be7 8. O-O
Nc6 9. Be3 Na5 10. Qe2 Nxb3 11. axb3 O-O 12. Rfd1 Qc7 13. b4 e5 14. Ndb5 Qb8
15. Na3 b5 16. Bg5 Be6 17. Bxf6 Bxf6 18. Nd5 Bg5 19. g3 f5 20. h4 Bd8 21. exf5
Bxf5 22. c3 Qc8 23. Ne3 Be4 24. Rxd6 Bf3 25. Qf1 Be7 26. Rd2 Qe6 27. Kh2 Bxh4
28. gxh4 Rf4 29. Qh3 Qf6 30. Kg3 Rg4+ 31. Qxg4 Bxg4 32. Kxg4 Qf4+ 33. Kh3 Qf3+
34. Kh2 Rf8 35. Ng2 g5 36. hxg5 Qh5+ 37. Kg1 Qxg5 38. Rad1 h5 39. Nc2 h4 40.
Kh1 Kh8 41. Nge3 Rg8 42. Rf1 e4 43. Rd5 Qg6 44. Nd4 h3 45. Kh2 Kh7 46. Ndf5 Kh8
47. Rd6 1-0

[Event "Hillerod Klubmesterskab Mester"]
[Site "Hillerod"]
[Date "????.??.??"]
[Round "9"]
[White "Oland, Arne"]
[Black "Andersen, Soren Bull"]
[Result "0-1"]
[WhiteElo "1897"]
[BlackElo "2064"]
[PlyCount "42"]
[EventDate "2017.??.??"]
[EventType "tourn"]
[EventRounds "9"]
[EventCountry "DEN"]

1. d4 Nf6 2. Nf3 d5 3. Bf4 c5 4. e3 Nc6 5. dxc5 e6 6. Nbd2 Bxc5 7. c3 O-O 8.
Bd3 Re8 9. Ne5 Nxe5 10. Bxe5 Nd7 11. Bg3 e5 12. O-O Nf6 13. e4 Bg4 14. Qc2 h6
15. Rae1 d4 16. Nb3 Rc8 17. cxd4 Bb4 18. Qb1 Bxe1 19. Rxe1 exd4 20. h3 Be6 21.
Nd2 Qa5 0-1

[Event "Hillerod Klubmesterskab Mester"]
[Site "Hillerod"]
[Date "????.??.??"]
[Round "9"]
[White "Pedersen, Carsten"]
[Black "Ramkilde, Mikael"]
[Result "1-0"]
[WhiteElo "1947"]
[BlackElo "1979"]
[PlyCount "47"]
[EventDate "2017.??.??"]
[EventType "tourn"]
[EventRounds "9"]
[EventCountry "DEN"]

1. d4 Nf6 2. c4 g6 3. Nc3 Bg7 4. e4 d6 5. Bg5 Nbd7 6. f4 h6 7. Bh4 c5 8. d5 Qa5
9. Qd2 O-O 10. Nf3 b5 11. Nxb5 Qxd2+ 12. Nxd2 Nh5 13. Bxe7 Re8 14. Bxd6 Bxb2
15. Rb1 Bd4 16. Nc7 Ba6 17. Nxa6 Ndf6 18. Nc7 Nxe4 19. Nxe8 Rxe8 20. Nxe4 Rxe4+
21. Be2 Ng7 22. Rb8+ Kh7 23. Rf1 Bc3+ 24. Kd1 1-0